000 00263nam a2200109Ia 4500
008 190912s9999||||xx |||||||||||||| ||und||
100 _aDrew,John
245 0 _aReadings In International Enterprise
260 _aUK
_bMcGraw-Hill
_c1995
300 _a295
942 _cBK
999 _c7800
_d7800